000 01152nac a22004330a 4500
001 PT41239
003 AR-LpoUNG
005 20210201005419.0
008 201001s1988||||ag |||||||||||||||||spa d
020 _a950251470X
_c$43
040 _aAR-LpoUNG
_bspa
_eaacr
041 _aspa
044 _aag
082 0 _a982 216v3
100 1 _aGarcía, Alicia S.
245 1 3 _aLa hora de la espada :
_b1924-1946
260 _aBuenos Aires :
_bCentro Editor de América Latina,
_c1988.
300 _a289 p. :
_bil.
_3Impreso
490 0 _aTextos y documentos : el autoritarismo y los argentinos
650 4 _aANALISIS HISTORICO
650 4 _aARGENTINA
650 4 _aAUTORITARISMO
650 4 _aCONFLICTOS ARMADOS
650 4 _aDICTADURA
650 4 _aDISCURSOS
650 4 _aDOCUMENTOS OFICIALES
650 4 _aFUERZAS ARMADAS
650 4 _aGOBIERNO MILITAR
650 4 _aGOLPES DE ESTADO
650 4 _aGUERRA CIVIL
650 4 _aHISTORIA POLITICA
650 4 _aMILITARISMO
650 4 _aREVOLUCION
650 4 _aVIOLENCIA
651 4 _aArgentina
700 1 _aRodríguez Molas, Ricardo
905 _a41239
942 _cLIB
999 _c49476
_d49476